<?xml version="1.0" encoding="UTF-8"?>
<record
    xmlns:xsi="http://www.w3.org/2001/XMLSchema-instance"
    xsi:schemaLocation="http://www.loc.gov/MARC21/slim http://www.loc.gov/standards/marcxml/schema/MARC21slim.xsd"
    xmlns="http://www.loc.gov/MARC21/slim">

  <leader>04538nab a2200361 i 4500</leader>
  <controlfield tag="003">BR-BrBNA</controlfield>
  <controlfield tag="005">20240126141108.0</controlfield>
  <controlfield tag="008">240104b2022    bl.ar|pooa||| 00| 0 eng |</controlfield>
  <datafield tag="040" ind1=" " ind2=" ">
    <subfield code="a">BR-BrBNA</subfield>
    <subfield code="b">eng</subfield>
  </datafield>
  <datafield tag="072" ind1=" " ind2=" ">
    <subfield code="a">H60</subfield>
  </datafield>
  <datafield tag="072" ind1=" " ind2=" ">
    <subfield code="a">H01</subfield>
  </datafield>
  <datafield tag="100" ind1=" " ind2=" ">
    <subfield code="a">Souza, Guilherme Sasso Ferreira</subfield>
  </datafield>
  <datafield tag="100" ind1=" " ind2=" ">
    <subfield code="a">Marques, Ricardo Fagundes </subfield>
  </datafield>
  <datafield tag="100" ind1=" " ind2=" ">
    <subfield code="a">Pereira, Maria Renata Rocha</subfield>
  </datafield>
  <datafield tag="100" ind1=" " ind2=" ">
    <subfield code="a">Marchi, Sidnei Roberto de</subfield>
  </datafield>
  <datafield tag="100" ind1=" " ind2=" ">
    <subfield code="a">Martins, Dagoberto</subfield>
  </datafield>
  <datafield tag="245" ind1=" " ind2=" ">
    <subfield code="a">Sowing depth and light intensity on the emergence and development of weeds</subfield>
  </datafield>
  <datafield tag="500" ind1=" " ind2=" ">
    <subfield code="a">Publica&#xE7;&#xE3;o online; 28 ref.; 10 tables; Summaries (En, Pt)</subfield>
  </datafield>
  <datafield tag="520" ind1=" " ind2=" ">
    <subfield code="a">

ABSTRACT - Weeds are one of the ecological factors that directly affect agricultural costs. Thus, understanding the emergence and development of these species is essential for the decision-making on weed control strategies. This study aims to evaluate the effect of different sowing depths and luminous intensities under fi eld conditions on the emergence and development of the Acanthospermum australe (Loefl .) Kuntze and Ipomoea grandifolia (Dammer) O&#x2019;Donell. Each species constituted one experiment, and the completely randomized design with four repetitions was adopted. The treatments were arranged in a 6 x 4 factorial scheme, with six sowing depths (0.5; 1.0; 2.0; 4.0; 8.0; and 12.0 cm) associated with four luminous intensities (100%, 70%, 50%, and 30% sunlight) obtained using shade cloths. The emergence of seedlings was evaluated daily to obtain the emergence and the emergence speed index. Plant height(length), the period until flower induction, and the dry matter of plants during flowering were also analyzed. A. australe and I. grandifolia emerge under the luminous intensities of 100, 70, 50, and 30% of solar radiation and in sowings depths up to 12.0 cm. Nevertheless, A. australe is the only one affected by luminous intensity, sowing depth, and the interaction between both factors in all the analyzes conducted. Luminous intensity reduction leads to lower development of I. grandifolia.


Key words: Acanthospermum australe. Ipomoea grandifolia. Shading. Luminosity. Solar radiation</subfield>
  </datafield>
  <datafield tag="520" ind1=" " ind2=" ">
    <subfield code="a">

RESUMO - As plantas daninhas s&#xE3;o um dos fatores ecol&#xF3;gicos que afetam diretamente no custo da produ&#xE7;&#xE3;o agr&#xED;cola. Assim, compreender os aspectos de emerg&#xEA;ncia e desenvolvimento dessas esp&#xE9;cies &#xE9; essencial na tomada de decis&#xE3;o para  estrat&#xE9;gias de seu manejo. Objetivou se avaliar, em condi&#xE7;&#xF5;es de campo, o efeito de diferentes profundidades de semeadura e de diversas intensidades luminosas na emerg&#xEA;ncia e no desenvolvimento das plantas daninhas Acanthospermum australe (Loefl .) Kuntze e Ipomoea grandifolia (Dammer) O&#x2019;Donell. Cada esp&#xE9;cie constituiu um experimento e o delineamento experimental utilizado foi o inteiramente casualizado, com quatro repeti&#xE7;&#xF5;es. Os tratamentos foram dispostos em esquema fatorial 6 x 4, seis profundidades de semeadura (0,5; 1,0; 2,0; 4,0; 8,0 e 12,0 cm) associadas a quatro intensidades luminosas (100%, 70%, 50% e 30% da luz solar) obtidas por meio de sombrites. Avaliou-se diariamente a emerg&#xEA;ncia das pl&#xE2;ntulas para obten&#xE7;&#xE3;o da emerg&#xEA;ncia e do &#xED;ndice de velocidade de emerg&#xEA;ncia. A altura/comprimento das plantas, o tempo at&#xE9; a indu&#xE7;&#xE3;o floral e a mat&#xE9;ria seca das plantas no florescimento tamb&#xE9;m foram avaliadas. As plantas de A. australe e I. grandifolia emergem sob intensidades luminosas de 100, 70, 50 e 30% de radia&#xE7;&#xE3;o solar e, em semeaduras de at&#xE9; 12,0 cm de profundidade. No entanto, a esp&#xE9;cie A. australe &#xE9; a &#xFA;nica afetada pela intensidade luminosa, profundidade de semeadura e pela intera&#xE7;&#xE3;o destes dois fatores em todas as avalia&#xE7;&#xF5;es realizadas. A redu&#xE7;&#xE3;o das intensidades luminosas acarreta menor desenvolvimento de plantas de I. grandifolia.


Palavras-chave: Acanthospermum australe. Ipomoea grandifolia. Sombreamento. Luminosidade. Radia&#xE7;&#xE3;o solar.</subfield>
  </datafield>
  <datafield tag="650" ind1=" " ind2=" ">
    <subfield code="a">ERVA DANINHA</subfield>
  </datafield>
  <datafield tag="650" ind1=" " ind2=" ">
    <subfield code="a">CARRAPICHO</subfield>
  </datafield>
  <datafield tag="650" ind1=" " ind2=" ">
    <subfield code="a">CORDA DE VIOLA</subfield>
  </datafield>
  <datafield tag="650" ind1=" " ind2=" ">
    <subfield code="a">SOMBREAMENTO</subfield>
  </datafield>
  <datafield tag="650" ind1=" " ind2=" ">
    <subfield code="a">RADIA&#xC7;&#xC3;O SOLAR</subfield>
  </datafield>
  <datafield tag="650" ind1=" " ind2=" ">
    <subfield code="a">SEMEADURA</subfield>
  </datafield>
  <datafield tag="650" ind1=" " ind2=" ">
    <subfield code="a">PROFUNDIDADE</subfield>
  </datafield>
  <datafield tag="650" ind1=" " ind2=" ">
    <subfield code="a">DEFESA VEGETAL</subfield>
  </datafield>
  <datafield tag="773" ind1="0" ind2=" ">
    <subfield code="0">4290</subfield>
    <subfield code="9">275632</subfield>
    <subfield code="d">Fortaleza-CE Universidade Federal do Cear&#xE1;. Centro de Ci&#xEA;ncias Agr&#xE1;rias 2002</subfield>
    <subfield code="o">2023-437432</subfield>
    <subfield code="t">Revista Ci&#xEA;ncia Agron&#xF4;mica (Brazil)</subfield>
    <subfield code="x">0045-6888; 1806-6690 (on-line)</subfield>
    <subfield code="g">v. 53 p. 1-12; (2022)</subfield>
    <subfield code="w">BR2023002216</subfield>
  </datafield>
  <datafield tag="856" ind1=" " ind2=" ">
    <subfield code="u">https://www.scielo.br/j/rca/a/twR4z5tjRKTcB8XrBpKpgGm/?format=pdf&amp;lang=en</subfield>
  </datafield>
  <datafield tag="942" ind1=" " ind2=" ">
    <subfield code="c">Anal&#xED;tica</subfield>
  </datafield>
  <datafield tag="999" ind1=" " ind2=" ">
    <subfield code="c">260189</subfield>
    <subfield code="d">260189</subfield>
  </datafield>
</record>
